Un profesor de crímenes. Novela original. Precio de la obra adornada con láminas

Guardat en:
Dades bibliogràfiques
Autor principal: Brieba, Liborio (Autor)
Format: Llibre
Idioma:espanyol
Publicat: Santiago Imprenta de la Esperanza, calle de Lira Núm. 11 1876
Edició:1a. ed
Matèries:
Etiquetes: Afegir etiqueta
Sense etiquetes, Sigues el primer a etiquetar aquest registre!

MARC

LEADER 00000nam a2200000 a 4500
001 UCJ7575
003 CL-VaPUC
008 070124e18760000CL |||||||||||||||||spa|d
082 0 4 |a Ch863  |b BRI  |2 21 
100 |a Brieba, Liborio  |e author  |9 420139 
245 1 3 |a Un profesor de crímenes. Novela original. Precio de la obra adornada con láminas 
250 |a 1a. ed 
300 |a 293 p 
942 |c BK 
945 |d 20070124 00:00:00  |a rinostro 
260 |a Santiago  |b Imprenta de la Esperanza, calle de Lira Núm. 11  |c 1876 
650 0 |a Novela chilena   |9 307631 
583 |a last modification  |c 20070124 00:00:00  |k Rodrigo Vera 
999 |c 323628  |d 323626 
952 |0 0  |1 0  |4 0  |6 CH_863_000000000000000_BRI_1876  |7 0  |8 X  |9 403391  |a FDOBUD  |b FDOBUD  |d 2019-11-22  |i 1066315  |o Ch863 BRI 1876  |p 1066315  |r 2019-11-22  |w 2019-11-22  |y BK_X  |k BUD